Statistics for most expensive Football (soccer) transfers of all time (Male)

Click here to take the quiz!

General Stats

  • This quiz has been taken 710 times
  • The average score is 12 of 18

Answer Stats

HintAnswerFromTo% Correct
£80mCristiano RonaldoMan UtdReal Madrid
97%
£85mGareth BaleTottenhamReal Madrid
95%
£49mNeymarSantosBarcelona
87%
£56mKakaAc MilanReal Madrid
74%
£55mEdinson CavaniNapoliPSG
71%
£50mFernando TorresLiverpoolChelsea
69%
£42mMesut OzilReal MadridArsenal
66%
£59mZlatan IbrahimovicInter MilanBarcelona
65%
£37mLuis FigoBarcelonaReal Madrid
64%
£35Radamel FalcaoPortoAthletico Madrid
64%
£51mRadamel FalcaoAthletico MadridAS Monaco
64%
£47mCarlos TevezMan UtdMan City
62%
£38mSergio AgueroAthletico MadridMan City
60%
£46mZinedine ZidaneJuventusReal Madrid
60%
£36mHulkPortoZenit
59%
£37mJuan MataChelseaMan Utd
51%
£39mJames RodriguezPortoAS Monaco
46%
£36mHernan CrespoParmaLazio
26%

Score Distribution

Percentile by Number Answered

Percent of People with Each Score

Your Score History

You have not taken this quiz